Katakana Vocabulary Quiz - Statistics

General Stats
  • This quiz has been taken 38 times
  • The average score is 9 of 14
Answer Stats
Hint Answer % Correct
ペン Pen
97%
アメリカ America/USA
93%
メニュー Menu
83%
カフェ Cafe
67%
トイレ Toilet
67%
コンピューター Computer
63%
イギリス England/Britain
63%
コンビニ Convenience store
57%
ジーンズ Jeans
57%
Tシャツ T shirt
57%
スマホ Smartphone
50%
メアリー Mary
43%
ビジネス Business
40%
ノート Notebook
37%
No matching quizzes found
Score Distribution
Percent of People with Each Score
Percentile by Number Answered
Your Score History
You have not taken this quiz